| 000 | 00361nam a2200145Ia 4500 | ||
|---|---|---|---|
| 008 | 230704s9999 xx 000 0 und d | ||
| 020 | _a9789374734889 | ||
| 100 | _aKOTHARI, SONAL | ||
| 245 | 0 | _aDENTAL STEPS FIRST STEP FOR MP PRE P. G. M | |
| 250 | _a3RD | ||
| 260 |
_bAITBS PUBLISHERS, INDIA _c2013 |
||
| 300 | _a568 | ||
| 650 | _aDentistry | ||
| 942 | _cBK | ||
| 999 |
_c215541 _d215541 |
||